00609cam a22001337a 4500008004000000082002500040100002500065245018900090260006300279300001000342500007200352650002900424650002200453180718b2004 xxu||||| |||| 00| 0 eng d aAPPPA 2003-04 SIN/46 aSingh, Praveen Kumar aCritical review of the working of joint consultative machinery and compulsory arbitration in resolving employee related matters (pay, allowances and leave etc.)cby Praveen Kumar Singh aNew DelhibIndian Institute of Public Administrationc2004 a123p. aAn APPPA M.Phil dissertation, 2003-04 (Guide: Prof. Bharati Sharma) aLabour relations - India aRailroads - India